ARRUPE JESUIT UNIVERSITY

CORONAVIRUS -STOP THE SPREAD - CLEAN,DISINFECT,COVER

Towards a new map of Africa / (Record no. 130929)

MARC details
000 -LEADER
fixed length control field 01531cam a2200421 a 4500
001 - CONTROL NUMBER
control field 14351517
003 - CONTROL NUMBER IDENTIFIER
control field ARRUPE
005 - DATE AND TIME OF LATEST TRANSACTION
control field 20211019102441.0
008 - FIXED-LENGTH DATA ELEMENTS--GENERAL INFORMATION
fixed length control field 060424s2005 enkab b 001 0 eng d
010 ## - LIBRARY OF CONGRESS CONTROL NUMBER
LC control number 2006274160
015 ## - NATIONAL BIBLIOGRAPHY NUMBER
National bibliography number GBA611032
Source bnb
016 7# - NATIONAL BIBLIOGRAPHIC AGENCY CONTROL NUMBER
Record control number 013368038
Source Uk
020 ## - INTERNATIONAL STANDARD BOOK NUMBER
International Standard Book Number 1844070921
020 ## - INTERNATIONAL STANDARD BOOK NUMBER
International Standard Book Number 184407093X (pbk.)
020 ## - INTERNATIONAL STANDARD BOOK NUMBER
International Standard Book Number 9781844070923
024 3# - OTHER STANDARD IDENTIFIER
Standard number or code 9781844070930
035 ## - SYSTEM CONTROL NUMBER
System control number (OCoLC)ocm62144145
040 ## - CATALOGING SOURCE
Original cataloging agency EQO
Transcribing agency EQO
Modifying agency BAKER
-- TEF
-- UKM
-- GZM
-- DLC
042 ## - AUTHENTICATION CODE
Authentication code lccopycat
043 ## - GEOGRAPHIC AREA CODE
Geographic area code f------
050 00 - LIBRARY OF CONGRESS CALL NUMBER
Classification number JQ1875
Item number .T69 2005
082 04 - DEWEY DECIMAL CLASSIFICATION NUMBER
Classification number 339.5096
Edition number 22
300 ## - PHYSICAL DESCRIPTION
Other physical details ill., maps ;
Dimensions 24 cm.
245 00 - TITLE STATEMENT
Title Towards a new map of Africa /
Statement of responsibility, etc edited by Ben Wisner, Camilla Toulmin and Rutendo Chitiga.
260 ## - PUBLICATION, DISTRIBUTION, ETC. (IMPRINT)
Place of publication, distribution, etc London ;
-- Sterling, VA :
Name of publisher, distributor, etc Earthscan,
Date of publication, distribution, etc 2005.
300 ## - PHYSICAL DESCRIPTION
Extent xxiii, 352 p. :
500 ## - GENERAL NOTE
General note "Foreword by Mary Robinson" - Cover.
504 ## - BIBLIOGRAPHY, ETC. NOTE
Bibliography, etc Includes bibliographical references and index.
651 #0 - SUBJECT ADDED ENTRY--GEOGRAPHIC NAME
Geographic name Africa
General subdivision Politics and government
Chronological subdivision 1960-
651 #0 - SUBJECT ADDED ENTRY--GEOGRAPHIC NAME
Geographic name Africa
General subdivision Economic conditions
Chronological subdivision 1960-
9 (RLIN) 3231
700 1# - ADDED ENTRY--PERSONAL NAME
Personal name Wisner, Benjamin.
9 (RLIN) 50562
700 1# - ADDED ENTRY--PERSONAL NAME
Personal name Toulmin, Camilla.
9 (RLIN) 50563
700 1# - ADDED ENTRY--PERSONAL NAME
Personal name Chitiga, Rutendo.
9 (RLIN) 50564
856 41 - ELECTRONIC LOCATION AND ACCESS
Materials specified Table of contents only
Uniform Resource Identifier <a href="http://www.loc.gov/catdir/toc/fy0610/2006274160.html">http://www.loc.gov/catdir/toc/fy0610/2006274160.html</a>
856 42 - ELECTRONIC LOCATION AND ACCESS
Materials specified Contributor biographical information
Uniform Resource Identifier <a href="http://www.loc.gov/catdir/enhancements/fy1111/2006274160-b.html">http://www.loc.gov/catdir/enhancements/fy1111/2006274160-b.html</a>
906 ## - LOCAL DATA ELEMENT F, LDF (RLIN)
a 7
b cbc
c copycat
d 2
e ncip
f 20
g y-gencatlg
942 ## - ADDED ENTRY ELEMENTS (KOHA)
Source of classification or shelving scheme Library of Congress Classification
Koha item type Monograph ( Printed materials)
Holdings
Withdrawn status Lost status Source of classification or shelving scheme Damaged status Not for loan Collection code Home library Current library Shelving location Date acquired Total Checkouts Full call number Barcode Date last seen Price effective from Koha item type
    Library of Congress Classification     Main Collection ARRUPE LIBRARY ARRUPE LIBRARY Main Collection 19/10/2021   JQ1875 .T69 2005 46600006888 19/10/2021 19/10/2021 Monograph ( Printed materials)

 

Arrupe Library. PO Box MP320 Mt Pleasant, Harare, Zimbabwe
263 242 745411|librarian@aju.ac.zw